[Event "HUN-chT2 Erkel 1819"]
[Site "Hungary"]
[Date "2019.03.31"]
[Round "8.6"]
[White "Darazs, Zoltan"]
[Black "Virag, Balint"]
[Result "1-0"]
[WhiteElo "2168"]
[BlackElo "2052"]
[PlyCount "81"]
[EventDate "2018.10.28"]
[EventType "team-tourn"]
[EventRounds "9"]
[EventCountry "HUN"]
[SourceTitle "EXT 2021"]
[Source "ChessBase"]
[SourceDate "2020.10.23"]
[SourceVersion "1"]
[SourceVersionDate "2020.10.23"]
[SourceQuality "1"]
[WhiteTeam "Gyongyos Energia"]
[BlackTeam "Budapest MTK II"]
[WhiteTeamCountry "HUN"]
[BlackTeamCountry "HUN"]

1. e4 e6 2. d4 d5 3. Nc3 Nf6 4. e5 Nfd7 5. f4 c5 6. Nf3 Be7 7. Be3 b6 8. Bd3 Ba6 9. 0-0 0-0 10. Bxa6 Nxa6 11. Ne2 cxd4 12. Nexd4 Qc7 13. c3 Nac5 14. Rc1 Rac8 15. Qe2 Ne4 16. Rfd1 Rfd8 17. Nd2 Nxd2 18. Rxd2 Qc4 19. Qxc4 dxc4 20. Nb5 Bc5 21. Kf2 a6 22. Rcd1 Bxe3+ 23. Kxe3 axb5 24. Rxd7 Rxd7 25. Rxd7 Kf8 26. Rb7 Rc6 27. Ke4 g6 28. g4 h6 29. h4 h5 30. g5 Ke8 31. a3 Kf8 32. Rd7 Ke8 33. Rd6 Rc5 34. Rxb6 Ke7 35. Rb7+ Ke8 36. Ra7 Rd5 37. Ra5 Kd7 38. a4 Kc6 39. Rxb5 Rd7 40. Rb8 Ra7 41. Rc8+ 1-0

[Event "Budapest FS04 Nadassy"]
[Site "Budapest"]
[Date "2019.03.31"]
[Round "2.1"]
[White "Mitali, Madhukar Patil"]
[Black "Darazs, Zoltan"]
[Result "1/2-1/2"]
[WhiteElo "2020"]
[BlackElo "2019"]
[PlyCount "88"]
[EventDate "2019.03.30"]
[EventType "schev"]
[EventRounds "12"]
[EventCountry "HUN"]
[SourceTitle "EXT 2020"]
[Source "ChessBase"]
[SourceDate "2019.10.17"]
[SourceVersion "1"]
[SourceVersionDate "2019.10.17"]
[SourceQuality "1"]
[WhiteTeam "B Team Lower Elo"]
[BlackTeam "A Team Higher Elo"]
[WhiteTeamCountry "HUN"]
[BlackTeamCountry "HUN"]

1. e4 e5 2. Nf3 Nc6 3. d4 exd4 4. Bc4 Nf6 5. e5 d5 6. Bb5 Ne4 7. Nxd4 Bc5 8. Be3 Bxd4 9. Bxd4 0-0 10. 0-0 Nxd4 11. Qxd4 c6 12. Bd3 Qb6 13. Qxb6 axb6 14. b4 f6 15. c4 fxe5 16. cxd5 cxd5 17. Bxe4 dxe4 18. Nc3 Be6 19. a3 Bc4 20. Rfe1 Bd3 21. Nxe4 Bxe4 22. Rxe4 Rf4 23. Rxf4 exf4 24. Kf1 Kf7 25. Rc1 Rxa3 26. Rc7+ Kf6 27. Rxb7 Rb3 28. Rxb6+ Kf5 29. Rb5+ Kf6 30. Ke2 g5 31. h3 h5 32. h4 gxh4 33. Rxh5 f3+ 34. gxf3 Rxb4 35. Kf1 Kg6 36. Rh8 Kg7 37. Re8 Rf4 38. Kg2 Kf6 39. Rg8 Kf5 40. Kh3 Rxf3+ 41. Kxh4 Ke4 42. Rg2 Kd3 43. Kg4 Ke2 44. Rg3 Rxf2 1/2-1/2

[Event "Budapest FS09 Nadassy"]
[Site "Budapest"]
[Date "2018.09.07"]
[Round "6.5"]
[White "Pasti, Aron"]
[Black "Darazs, Zoltan"]
[Result "1-0"]
[WhiteElo "1979"]
[BlackElo "2168"]
[PlyCount "63"]
[EventDate "2018.09.01"]
[EventType "schev"]
[EventRounds "10"]
[EventCountry "HUN"]
[SourceTitle "CBM 186 Extra"]
[Source "ChessBase"]
[SourceDate "2018.08.24"]
[SourceVersion "1"]
[SourceVersionDate "2018.08.24"]
[SourceQuality "1"]

1. e4 c5 2. Nf3 Nc6 3. c4 g6 4. d4 cxd4 5. Nxd4 Bg7 6. Be3 Nf6 7. Nxc6 dxc6 8. Qxd8+ Kxd8 9. Nc3 e5 10. 0-0-0+ Kc7 11. f3 Be6 12. Be2 b6 13. a4 Rhd8 14. b4 Rxd1+ 15. Rxd1 Bf8 16. b5 Rc8 17. Kb2 Nd7 18. f4 Bg7 19. Kb3 Kb7 20. bxc6+ Rxc6 21. f5 gxf5 22. exf5 Bxf5 23. Bf3 e4 24. Nxe4 Kc7 25. Ng3 Nc5+ 26. Ka2 Bc2 27. Rd2 Bxa4 28. Bxc6 Kxc6 29. Nf5 Bc3 30. Rd6+ Kb7 31. Bxc5 bxc5 32. Rh6 1-0

[Event "Budapest FS09 Nadassy"]
[Site "Budapest"]
[Date "2018.09.03"]
[Round "3.5"]
[White "Darazs, Zoltan"]
[Black "Lakat, Gyula"]
[Result "1/2-1/2"]
[WhiteElo "2168"]
[BlackElo "1725"]
[PlyCount "61"]
[EventDate "2018.09.01"]
[EventType "schev"]
[EventRounds "10"]
[EventCountry "HUN"]
[SourceTitle "CBM 186 Extra"]
[Source "ChessBase"]
[SourceDate "2018.08.24"]
[SourceVersion "1"]
[SourceVersionDate "2018.08.24"]
[SourceQuality "1"]

1. e4 c5 2. Nf3 d6 3. d4 cxd4 4. Nxd4 Nf6 5. Nc3 g6 6. Be3 Bg7 7. f3 0-0 8. Qd2 Kh8 9. 0-0-0 Nc6 10. h4 Qa5 11. Nb3 Qd8 12. Bh6 Rg8 13. g4 Bxh6 14. Qxh6 a5 15. Qe3 a4 16. Nd4 Qb6 17. Nf5 Qxe3+ 18. Nxe3 Be6 19. a3 Ne5 20. Be2 Rgc8 21. h5 Kg7 22. Ned5 Bxd5 23. Nxd5 Nxd5 24. Rxd5 g5 25. Rhd1 h6 26. Rb5 Rc7 27. c3 Nd7 28. Bd3 Ne5 29. Be2 Nd7 30. Bd3 Ne5 31. Be2 1/2-1/2

[Event "Budapest FS09 Nadassy"]
[Site "Budapest"]
[Date "2018.09.02"]
[Round "2.5"]
[White "Hitesh, Vasanwala"]
[Black "Darazs, Zoltan"]
[Result "1-0"]
[WhiteElo "1704"]
[BlackElo "2168"]
[PlyCount "59"]
[EventDate "2018.09.01"]
[EventType "schev"]
[EventRounds "10"]
[EventCountry "HUN"]
[SourceTitle "CBM 186 Extra"]
[Source "ChessBase"]
[SourceDate "2018.08.24"]
[SourceVersion "1"]
[SourceVersionDate "2018.08.24"]
[SourceQuality "1"]

1. d4 Nf6 2. Bf4 g6 3. Nc3 d5 4. e3 Bg7 5. h4 c5 6. Nb5 Na6 7. c3 0-0 8. Be2 Bd7 9. a4 cxd4 10. exd4 Bxb5 11. axb5 Nc7 12. h5 Ne6 13. Be3 Re8 14. hxg6 hxg6 15. Qc1 Nf8 16. Bh6 N6h7 17. Bxg7 Kxg7 18. Qh6+ Kg8 19. Nf3 e6 20. Rh3 Qf6 21. Kd2 Qg7 22. Qxg7+ Kxg7 23. Bd3 Nf6 24. Ne5 N8d7 25. Rah1 Nxe5 26. dxe5 Nd7 27. Rh7+ Kf8 28. f4 Nc5 29. Bc2 Rad8 30. Bxg6 1-0

[Event "SVK-chT2A 1718"]
[Site "Slovakia"]
[Date "2018.03.18"]
[Round "11.3"]
[White "Darazs, Zoltan"]
[Black "Matulik, Daniel"]
[Result "1-0"]
[WhiteElo "2165"]
[BlackElo "2106"]
[PlyCount "83"]
[EventDate "2017.10.28"]
[EventType "team-tourn"]
[EventRounds "11"]
[EventCountry "SVK"]
[SourceTitle "EXT 2020"]
[Source "ChessBase"]
[SourceDate "2019.10.17"]
[SourceVersion "1"]
[SourceVersionDate "2019.10.17"]
[SourceQuality "1"]
[WhiteTeam "Potonska Veza"]
[BlackTeam "Piestany Loewe"]
[WhiteTeamCountry "SVK"]
[BlackTeamCountry "SVK"]

1. e4 c6 2. d4 d5 3. Nc3 dxe4 4. Nxe4 Bf5 5. Ng3 Bg6 6. h4 h6 7. Nf3 Nd7 8. h5 Bh7 9. Bd3 Bxd3 10. Qxd3 Qc7 11. Bd2 e6 12. 0-0-0 Ngf6 13. Qe2 0-0-0 14. Ne5 Nxe5 15. dxe5 Nd7 16. f4 Be7 17. Rhe1 Kb8 18. Kb1 Nc5 19. Be3 Rxd1+ 20. Rxd1 Rd8 21. Rxd8+ Qxd8 22. Bxc5 Bxc5 23. Ne4 Bf8 24. Qd2 Qxd2 25. Nxd2 Kc7 26. c4 Be7 27. Kc2 g6 28. g4 gxh5 29. gxh5 f5 30. exf6 Bxf6 31. Ne4 Bd4 32. Kd3 c5 33. b4 b6 34. b5 Bb2 35. Nf2 Bg7 36. Ke4 Kd6 37. Ng4 Bf8 38. f5 Bg7 39. f6 Bf8 40. Ne5 Kc7 41. Ng6 Bd6 42. f7 1-0

[Event "HUN-chT2 Erkel 1718"]
[Site "Hungary"]
[Date "2018.02.18"]
[Round "8.1"]
[White "Baratosi, Daniel"]
[Black "Darazs, Zoltan"]
[Result "1-0"]
[WhiteElo "2376"]
[BlackElo "2161"]
[PlyCount "62"]
[EventDate "2017.09.24"]
[EventType "team-tourn"]
[EventRounds "11"]
[EventCountry "HUN"]
[SourceTitle "EXT 2021"]
[Source "ChessBase"]
[SourceDate "2020.10.23"]
[SourceVersion "1"]
[SourceVersionDate "2020.10.23"]
[SourceQuality "1"]
[WhiteTeam "Szigetszentmiklos"]
[BlackTeam "Jaszbereny"]
[WhiteTeamCountry "HUN"]
[BlackTeamCountry "HUN"]

1. d4 Nf6 2. c4 g6 3. Nc3 d5 4. Bg5 Ne4 5. h4 Nxc3 6. bxc3 c5 7. e3 Bg7 8. Nf3 cxd4 9. cxd4 Nc6 10. Rc1 f6 11. Bf4 Be6 12. h5 Qa5+ 13. Qd2 dxc4 14. h6 Bf8 15. e4 g5 16. Qxa5 Nxa5 17. Bd2 b6 18. d5 Bd7 19. Nd4 Nb7 20. Bxc4 Nd6 21. Bd3 Kd8 22. f4 gxf4 23. Bxf4 Nf7 24. Ne6+ Bxe6 25. Bc7+ Ke8 26. dxe6 Nd6 27. e5 fxe5 28. Bxd6 exd6 29. Rc7 a6 30. Be4 d5 31. Bxd5 Bc5 1-0

[Event "Budapest FS02 Nadassy"]
[Site "Budapest"]
[Date "2018.02.06"]
[Round "5.1"]
[White "Darazs, Zoltan"]
[Black "Sahithi Varshini, M."]
[Result "0-1"]
[WhiteElo "2063"]
[BlackElo "1896"]
[PlyCount "52"]
[EventDate "2018.02.02"]
[EventType "schev"]
[EventRounds "10"]
[EventCountry "HUN"]
[SourceTitle "EXT 2022"]
[Source "ChessBase"]
[SourceDate "2021.10.06"]
[SourceVersion "1"]
[SourceVersionDate "2021.10.06"]
[SourceQuality "1"]
[WhiteTeam "Team A Higher Elo"]
[BlackTeam "Team B Lower Elo"]
[WhiteTeamCountry "HUN"]
[BlackTeamCountry "IND"]

1. e4 d5 2. exd5 Qxd5 3. c4 Qd8 4. d4 g6 5. Be3 Bg7 6. Nc3 Nf6 7. Be2 0-0 8. Qd2 Bf5 9. f3 c5 10. d5 Na6 11. g4 Bd7 12. Bh6 Nc7 13. h4 Bxh6 14. Qxh6 b5 15. h5 bxc4 16. Ne4 Ncxd5 17. 0-0-0 Rb8 18. Rxd5 Qb6 19. Nxf6+ Qxf6 20. Qd2 Rxb2 21. Qxb2 c3 22. Qc2 Qf4+ 23. Kb1 Qb4+ 24. Qb3 c2+ 25. Kxc2 Ba4 26. hxg6 hxg6 0-1

[Event "Budapest FS02 Nadassy"]
[Site "Budapest"]
[Date "2018.02.03"]
[Round "2.1"]
[White "Arfan, Aditya Bagus"]
[Black "Darazs, Zoltan"]
[Result "1-0"]
[WhiteElo "1992"]
[BlackElo "2063"]
[PlyCount "67"]
[EventDate "2018.02.02"]
[EventType "schev"]
[EventRounds "10"]
[EventCountry "HUN"]
[SourceTitle "EXT 2022"]
[Source "ChessBase"]
[SourceDate "2021.10.06"]
[SourceVersion "1"]
[SourceVersionDate "2021.10.06"]
[SourceQuality "1"]
[WhiteTeam "Team B Lower Elo"]
[BlackTeam "Team A Higher Elo"]
[WhiteTeamCountry "IND"]
[BlackTeamCountry "HUN"]

1. e4 c5 2. Nf3 Nc6 3. d4 cxd4 4. Nxd4 Nf6 5. Nc3 e5 6. Ndb5 d6 7. Bg5 a6 8. Na3 b5 9. Nd5 Be7 10. Bxf6 Bxf6 11. c3 Ne7 12. Nc2 Nxd5 13. Qxd5 Be6 14. Qc6+ Ke7 15. Nb4 Qd7 16. Nd5+ Bxd5 17. Qxd5 Rhc8 18. Be2 Qe6 19. Qd2 Rc5 20. 0-0 Rd8 21. Bd1 h6 22. Bb3 Qg4 23. Bd5 Qd7 24. Qd1 Rb8 25. Qh5 Kf8 26. Rfd1 Qe7 27. Rd3 Rc7 28. Rad1 b4 29. cxb4 Rxb4 30. b3 Rd4 31. Bc4 a5 32. Rxd4 g6 33. Qxh6+ Bg7 34. Qd2 1-0

[Event "HUN-chT2 Erkel 1718"]
[Site "Hungary"]
[Date "2017.12.03"]
[Round "5.2"]
[White "Prorok, Marton"]
[Black "Darazs, Zoltan"]
[Result "1/2-1/2"]
[WhiteElo "2332"]
[BlackElo "2161"]
[PlyCount "72"]
[EventDate "2017.09.24"]
[EventType "team-tourn"]
[EventRounds "11"]
[EventCountry "HUN"]
[SourceTitle "EXT 2021"]
[Source "ChessBase"]
[SourceDate "2020.10.23"]
[SourceVersion "1"]
[SourceVersionDate "2020.10.23"]
[SourceQuality "1"]
[WhiteTeam "Sarkany DSE"]
[BlackTeam "Jaszbereny"]
[WhiteTeamCountry "HUN"]
[BlackTeamCountry "HUN"]

1. e4 c5 2. f4 d5 3. Nf3 dxe4 4. Ng5 Nf6 5. Bc4 e6 6. Nc3 Be7 7. Ncxe4 h6 8. Nxf6+ Bxf6 9. Ne4 Bh4+ 10. g3 Be7 11. Qh5 g6 12. Qh3 Nc6 13. d3 Nd4 14. Qg2 b5 15. Bb3 Bb7 16. Nd6+ Qxd6 17. Qxb7 0-0 18. Be3 Bf6 19. 0-0-0 a5 20. Bxd4 Qxd4 21. c3 Qe3+ 22. Kb1 c4 23. Rhe1 Qf2 24. Bc2 cxd3 25. Bxd3 b4 26. Re2 Qc5 27. cxb4 axb4 28. Rc2 Qa5 29. Bc4 Rfd8 30. Rxd8+ Rxd8 31. Qf3 Rd6 32. h4 Qd8 33. Be2 Rd2 34. Qe4 Rxc2 35. Kxc2 Qc7+ 36. Qc4 Qxc4+ 1/2-1/2

[Event "SVK-chT2A 1718"]
[Site "Slovakia"]
[Date "2017.10.28"]
[Round "1.3"]
[White "Privara, Igor"]
[Black "Darazs, Zoltan"]
[Result "1-0"]
[WhiteElo "2230"]
[BlackElo "2175"]
[PlyCount "69"]
[EventDate "2017.10.28"]
[EventType "team-tourn"]
[EventRounds "11"]
[EventCountry "SVK"]
[SourceTitle "EXT 2019"]
[Source "ChessBase"]
[SourceDate "2018.10.10"]
[SourceVersion "1"]
[SourceVersionDate "2018.10.10"]
[SourceQuality "1"]
[WhiteTeam "Bratislava Slovan V"]
[BlackTeam "Potonska Veza"]
[WhiteTeamCountry "SVK"]
[BlackTeamCountry "SVK"]

1. e4 c5 2. c3 d5 3. exd5 Qxd5 4. d4 Nc6 5. dxc5 Qxd1+ 6. Kxd1 e5 7. b4 a5 8. Bb5 Bd7 9. Nf3 0-0-0 10. Nbd2 axb4 11. Bxc6 Bxc6 12. cxb4 Bxf3+ 13. gxf3 Ne7 14. Bb2 Nc6 15. a3 Be7 16. Kc2 Nd4+ 17. Bxd4 Rxd4 18. Ne4 f5 19. Nc3 Bh4 20. Rhe1 Rf4 21. Rxe5 Rxf3 22. Rf1 Rf8 23. Nb5 Rxf2+ 24. Rxf2 Bxf2 25. Re7 f4 26. Nd6+ Kb8 27. Rxb7+ Ka8 28. Kd3 Bg1 29. Rxg7 Bxh2 30. Rf7 Rxf7 31. Nxf7 f3 32. Ke3 Bf4+ 33. Kxf3 Bc1 34. c6 Bxa3 35. c7 1-0

[Event "SVK-chT2A 1617"]
[Site "Slovakia"]
[Date "2017.01.21"]
[Round "7.2"]
[White "Cech, Dominik"]
[Black "Darazs, Zoltan"]
[Result "1-0"]
[WhiteElo "2174"]
[BlackElo "2166"]
[PlyCount "79"]
[EventDate "2016.10.08"]
[EventType "team-tourn"]
[EventRounds "11"]
[EventCountry "SVK"]
[SourceTitle "EXT 2018"]
[Source "ChessBase"]
[SourceDate "2017.10.13"]
[SourceVersion "1"]
[SourceVersionDate "2017.10.13"]
[SourceQuality "1"]
[WhiteTeam "Bratislava Doprastav"]
[BlackTeam "Potonska Veza"]
[WhiteTeamCountry "SVK"]
[BlackTeamCountry "SVK"]

1. e4 c5 2. Nf3 Nc6 3. Nc3 Nf6 4. Bb5 Nd4 5. e5 Nxb5 6. Nxb5 Nd5 7. Ng5 Nc7 8. Qh5 g6 9. Qf3 f6 10. exf6 Bh6 11. f7+ Kf8 12. d4 Bxg5 13. Bxg5 h6 14. Nxc7 Qxc7 15. Bxe7+ Kxe7 16. 0-0-0 d5 17. Rhe1+ Be6 18. Rxe6+ Kxe6 19. Re1+ Kd7 20. Qxd5+ Qd6 21. Qxb7+ Qc7 22. Qd5+ Qd6 23. Qb7+ Qc7 24. Re7+ Kxe7 25. Qxc7+ Kf6 26. dxc5 Rhc8 27. Qb7 Rcb8 28. Qf3+ Kg7 29. c6 Rf8 30. c7 Rac8 31. Qb7 Kxf7 32. Qxa7 Ke7 33. b4 Kd7 34. Qc5 Rf5 35. Qd4+ Kxc7 36. Qg7+ Kb8 37. Qxg6 Rcf8 38. f3 R8f6 39. Qg8+ Kb7 40. Kb2 1-0

[Event "SVK-chT2A 1617"]
[Site "Slovakia"]
[Date "2016.12.04"]
[Round "6.1"]
[White "Lintner, Igor"]
[Black "Darazs, Zoltan"]
[Result "0-1"]
[WhiteElo "2163"]
[BlackElo "2166"]
[PlyCount "106"]
[EventDate "2016.10.08"]
[EventType "team-tourn"]
[EventRounds "11"]
[EventCountry "SVK"]
[SourceTitle "EXT 2018"]
[Source "ChessBase"]
[SourceDate "2017.10.13"]
[SourceVersion "1"]
[SourceVersionDate "2017.10.13"]
[SourceQuality "1"]
[WhiteTeam "Bratislava Doprastav II"]
[BlackTeam "Potonska Veza"]
[WhiteTeamCountry "SVK"]
[BlackTeamCountry "SVK"]

1. e4 c5 2. Nf3 Nc6 3. d4 cxd4 4. Nxd4 Nf6 5. Nc3 e5 6. Ndb5 d6 7. Bg5 a6 8. Na3 b5 9. Nd5 Be7 10. Bxf6 Bxf6 11. c3 0-0 12. Nc2 Bg5 13. h4 Bh6 14. g4 Bf4 15. Nce3 Bxe3 16. Nxe3 Be6 17. g5 b4 18. Bh3 bxc3 19. bxc3 Qa5 20. Qd2 Rac8 21. Nd5 Rfe8 22. Rc1 Nd4 23. Bg2 Bxd5 24. exd5 Rc5 25. 0-0 Rec8 26. Qb2 Qb5 27. cxd4 Qxb2 28. dxc5 dxc5 29. d6 Qb4 30. Rfd1 Rd8 31. Rd5 c4 32. a3 Qb3 33. d7 g6 34. Kh2 c3 35. Rd3 Qa4 36. Rdxc3 Qxh4+ 37. Bh3 Rxd7 38. R1c2 Qf4+ 39. Kg2 Rd5 40. Be6 Qxg5+ 41. Rg3 Qxg3+ 42. fxg3 fxe6 43. Kf3 Rd3+ 44. Ke4 Rxa3 45. Kxe5 Rxg3 46. Rc7 Re3+ 47. Kf6 Rf3+ 48. Kxe6 a5 49. Ra7 Rf5 50. Re7 h5 51. Kd6 h4 52. Re4 h3 53. Rh4 Rh5 0-1

[Event "HUN-chT2 Erkel 1516"]
[Site "Hungary"]
[Date "2016.03.20"]
[Round "9.1"]
[White "Darazs, Zoltan"]
[Black "Petran, Pal"]
[Result "0-1"]
[WhiteElo "2146"]
[BlackElo "2293"]
[PlyCount "68"]
[EventDate "2015.09.13"]
[EventType "team-tourn"]
[EventRounds "11"]
[EventCountry "HUN"]
[SourceTitle "EXT 2017"]
[Source "ChessBase"]
[SourceDate "2016.10.25"]
[SourceVersion "1"]
[SourceVersionDate "2016.10.25"]
[SourceQuality "1"]
[WhiteTeam "Jaszbereny"]
[BlackTeam "HASE"]
[WhiteTeamCountry "HUN"]
[BlackTeamCountry "HUN"]

1. e4 e5 2. Nf3 Nc6 3. Bb5 Nf6 4. 0-0 Nxe4 5. d4 Nd6 6. Bxc6 dxc6 7. dxe5 Nf5 8. Qxd8+ Kxd8 9. Nc3 h6 10. h3 Bd7 11. Ne4 b6 12. Rd1 Kc8 13. c4 c5 14. Nc3 Be6 15. g4 Ne7 16. Nd5 Kb7 17. Bf4 Ng6 18. Bg3 h5 19. Ng5 hxg4 20. hxg4 Bxg4 21. f3 Be6 22. Nxe6 fxe6 23. Ne3 Be7 24. Kg2 Bg5 25. Ng4 Kc6 26. Rd3 Raf8 27. Rh1 Rxh1 28. Kxh1 Bf4 29. Kg2 Rf5 30. Rd8 Bxg3 31. Kxg3 Nxe5 32. Nxe5+ Rxe5 33. Kf2 Rh5 34. Kg2 Rh4 0-1

[Event "SVK-chT2A 1516"]
[Site "Slovakia"]
[Date "2016.03.13"]
[Round "11.7"]
[White "Hrubsa, Marian"]
[Black "Darazs, Zoltan"]
[Result "1-0"]
[WhiteElo "1805"]
[BlackElo "2157"]
[PlyCount "67"]
[EventDate "2015.10.17"]
[EventType "team-tourn"]
[EventRounds "11"]
[EventCountry "SVK"]
[SourceTitle "EXT 2017"]
[Source "ChessBase"]
[SourceDate "2016.10.25"]
[SourceVersion "1"]
[SourceVersionDate "2016.10.25"]
[SourceQuality "1"]
[WhiteTeam "Skalica"]
[BlackTeam "Velky Meder"]
[WhiteTeamCountry "SVK"]
[BlackTeamCountry "SVK"]

1. e4 c5 2. Nf3 Nc6 3. d4 cxd4 4. Nxd4 Nf6 5. Nc3 e5 6. Ndb5 d6 7. Bg5 a6 8. Na3 b5 9. Nd5 Be7 10. Bxf6 Bxf6 11. Nxf6+ Qxf6 12. c4 b4 13. Nc2 0-0 14. Bd3 Rb8 15. b3 Kh8 16. 0-0 a5 17. Re1 Qg6 18. Re3 Qe6 19. Rg3 g6 20. Qd2 f5 21. exf5 gxf5 22. Qg5 Qf7 23. f4 Be6 24. Be2 Rg8 25. Qh4 Rxg3 26. Qxg3 d5 27. fxe5 Rg8 28. Qf4 Qg7 29. g3 Nxe5 30. Nd4 Ng6 31. Qf2 dxc4 32. Rd1 Nf4 33. Qxf4 cxb3 34. Nxe6 1-0

[Event "Budapest FS05 FM-A"]
[Site "Budapest"]
[Date "2015.05.04"]
[Round "3"]
[White "Lakat, Gyula"]
[Black "Darazs, Zoltan"]
[Result "1-0"]
[WhiteElo "1802"]
[BlackElo "2197"]
[PlyCount "47"]
[EventDate "2015.05.02"]
[EventType "tourn"]
[EventRounds "9"]
[EventCountry "HUN"]
[SourceTitle "CBM 166 Extra"]
[Source "ChessBase"]
[SourceDate "2015.06.18"]
[SourceVersion "1"]
[SourceVersionDate "2015.06.18"]
[SourceQuality "1"]

1. Nf3 Nf6 2. g3 g6 3. Bg2 Bg7 4. 0-0 0-0 5. c4 d5 6. cxd5 Nxd5 7. Nc3 Nf6 8. d3 Nc6 9. Be3 h6 10. Qd2 Kh7 11. Rac1 Be6 12. b3 Nd5 13. Nxd5 Bxd5 14. Rc5 Be6 15. d4 Bg4 16. d5 Nb8 17. h3 Bd7 18. Rd1 Na6 19. Rc4 c6 20. Bxh6 Rh8 21. Ng5+ Kg8 22. dxc6 Bxh6 23. cxb7 Rb8 24. Qxd7 1-0

[Event "SVK-chT2A 1415"]
[Site "Slovakia"]
[Date "2015.03.08"]
[Round "11.5"]
[White "Darazs, Zoltan"]
[Black "Puchart, Vladimir"]
[Result "1/2-1/2"]
[WhiteElo "2128"]
[BlackElo "2031"]
[PlyCount "80"]
[EventDate "2014.10.11"]
[EventType "team-tourn"]
[EventRounds "11"]
[EventCountry "SVK"]
[SourceTitle "EXT 2016"]
[Source "ChessBase"]
[SourceDate "2015.10.08"]
[SourceVersion "1"]
[SourceVersionDate "2015.10.08"]
[SourceQuality "1"]
[WhiteTeam "Potonska Veza"]
[BlackTeam "Trnava Lokomotiva II"]
[WhiteTeamCountry "SVK"]
[BlackTeamCountry "SVK"]

1. e4 c5 2. Nf3 d6 3. d4 cxd4 4. Nxd4 Nf6 5. Nc3 a6 6. Bg5 Nbd7 7. f4 g6 8. Nf3 Qb6 9. Qd2 Bg7 10. Bc4 Qxb2 11. Rd1 0-0 12. 0-0 Nc5 13. Bxf6 Bxf6 14. e5 Bg7 15. Nd5 dxe5 16. Nxe7+ Kh8 17. Nxc8 Raxc8 18. Rb1 Qa3 19. Nxe5 Bxe5 20. fxe5 Ne4 21. Qd4 Qc5 22. Qxc5 Rxc5 23. Rxf7 Rxf7 24. Bxf7 b5 25. e6 Kg7 26. Rf1 Nd6 27. e7 Re5 28. Bb3 Rxe7 29. Rd1 Nf5 30. Rd8 Rc7 31. Ra8 Rc6 32. g4 Nd4 33. Bd5 Rd6 34. Be4 h6 35. Kf2 Nxc2 36. Ra7+ Kf6 37. Bxc2 Rd2+ 38. Kg3 Rxc2 39. Rxa6+ Kf7 40. Ra7+ Kf6 1/2-1/2

[Event "SVK-chT2A 1415"]
[Site "Slovakia"]
[Date "2015.02.14"]
[Round "8.7"]
[White "Darazs, Zoltan"]
[Black "Ocko, Martin"]
[Result "1-0"]
[WhiteElo "2128"]
[BlackElo "1857"]
[PlyCount "107"]
[EventDate "2014.10.11"]
[EventType "team-tourn"]
[EventRounds "11"]
[EventCountry "SVK"]
[SourceTitle "EXT 2016"]
[Source "ChessBase"]
[SourceDate "2015.10.08"]
[SourceVersion "1"]
[SourceVersionDate "2015.10.08"]
[SourceQuality "1"]
[WhiteTeam "Potonska Veza"]
[BlackTeam "Osuske II"]
[WhiteTeamCountry "SVK"]
[BlackTeamCountry "SVK"]

1. e4 c5 2. Nf3 Nc6 3. d4 cxd4 4. Nxd4 g6 5. Nc3 Bg7 6. Be3 Nf6 7. Bc4 Qa5 8. 0-0 0-0 9. Nb3 Qh5 10. Be2 Qe5 11. f4 Qc7 12. e5 Ne8 13. Bf3 d6 14. Nb5 Qd7 15. exd6 Nxd6 16. Nxd6 Qxd6 17. Qxd6 exd6 18. c3 Re8 19. Kf2 Bf5 20. Rad1 Bf8 21. Nd4 Be4 22. Nb5 Bxf3 23. Kxf3 Red8 24. Rd2 a6 25. Nc7 Rac8 26. Bb6 Rd7 27. Nd5 Bg7 28. Bf2 Re8 29. Rfd1 g5 30. g3 h5 31. fxg5 Ne5+ 32. Kg2 Nc4 33. Rc2 Be5 34. b3 Na3 35. Re2 Re6 36. c4 Kg7 37. Be1 Bd4 38. Rxe6 fxe6 39. Nf6 Bxf6 40. gxf6+ Kf7 41. Rc1 a5 42. Bxa5 b5 43. Bb4 Ra7 44. Bxd6 Kxf6 45. c5 b4 46. c6 Nb5 47. Rf1+ Kg6 48. Bxb4 Rxa2+ 49. Rf2 Rxf2+ 50. Kxf2 Kf5 51. Ba5 e5 52. c7 Na7 53. b4 Ke6 54. b5 1-0